| 000 | 00467cam a2200181ua 4500 | ||
|---|---|---|---|
| 020 | _c72.00 | ||
| 041 |
_aeng _h |
||
| 082 |
_a515 _bHIL/IN |
||
| 100 | _aHildebrand, F.B . | ||
| 245 |
_aIntroduction to numerical analysis / _cF.B.Hildebrand. _hTextual Documents |
||
| 250 |
_a2 / _b. |
||
| 260 |
_aNew Delhi : _bTata Mc-Graw Hill Publishing Company , _c1988. |
||
| 300 | _a669 ; . | ||
| 365 | _a72.00 | ||
| 504 | _a | ||
| 942 | _cBK | ||
| 999 |
_c9391 _d9391 |
||